Carta arqueológica del término municipal de Viana (Navarra) / (Record no. 16465)

MARC details
000 -LEADER
campo de control de longitud fija 00918nam a2200265 i 4500
001 - NÚMERO DE CONTROL
campo de control 16465
003 - IDENTIFICADOR DE NÚMERO DE CONTROL
campo de control ES-MaACL
005 - FECHA Y HORA DE LA ÚLTIMA TRANSACCIÓN
campo de control 20240527195135.0
007 - CAMPO FIJO DE DESCRIPCIÓN FÍSICA--INFORMACIÓN GENERAL
campo de control de longitud fija t|
008 - DATOS DE LONGITUD FIJA--INFORMACIÓN GENERAL
campo de control de longitud fija 000925s1976 sp ||||1| spa d
020 ## - NÚMERO INTERNACIONAL ESTÁNDAR DEL LIBRO
Número Internacional Estándar del Libro 84-235-0048-9
080 ## - NÚMERO DE LA CLASIFICACIÓN DECIMAL UNIVERSAL
Número de la Clasificación Decimal Universal 903(465.1 Viana)
080 ## - NÚMERO DE LA CLASIFICACIÓN DECIMAL UNIVERSAL
Número de la Clasificación Decimal Universal 904(465.1 Viana)
100 1# - ENTRADA PRINCIPAL--NOMBRE DE PERSONA
Nombre de persona Labeaga Mendiola, Juan Cruz.
9 (RLIN) 69229
245 10 - MENCIÓN DEL TÍTULO
Título Carta arqueológica del término municipal de Viana (Navarra) /
Mención de responsabilidad, etc. Juan Cruz Labeaga Mendiola.
260 ## - PUBLICACIÓN, DISTRIBUCIÓN, ETC.
Lugar de publicación, distribución, etc. Pamplona :
Nombre del editor, distribuidor, etc. Institución Príncipe de Viana,
Fecha de publicación, distribución, etc. 1976.
300 ## - DESCRIPCIÓN FÍSICA
Extensión 259 p.,[24] p. lám. :
Otras características físicas il. ;
Dimensiones 24 cm.
490 1# - MENCIÓN DE SERIE
Mención de serie Colección arqueología
650 14 - PUNTO DE ACCESO ADICIONAL DE MATERIA--TÉRMINO DE MATERIA
Término de materia o nombre geográfico como elemento de entrada Excavaciones arqueológicas-
Subdivisión geográfica Viana.
9 (RLIN) 12650
651 #4 - PUNTO DE ACCESO ADICIONAL DE MATERIA--NOMBRE GEOGRÁFICO
Nombre geográfico Viana-
Subdivisión general Restos arqueológicos.
9 (RLIN) 9531
710 2# - ENTRADA AGREGADA--NOMBRE DE ENTIDAD CORPORATIVA
Nombre de entidad corporativa o nombre de jurisdicción como elemento de entrada Institución Príncipe de Viana
9 (RLIN) 4730
830 0# - PUNTO DE ACCESO ADICIONAL DE SERIE-TÍTULO UNIFORME
Título uniforme Colección arqueología
9 (RLIN) 228653
852 ## - LOCALIZACIÓN
Ubicación ES-MaACL
Número de control de estantería G-2186
Sublocalización o colección R.119289
Holdings
Estatus retirado Estado de pérdida Estado de daño No para préstamo Biblioteca de origen Biblioteca actual Ubicación en estantería Fecha de adquisición Fuente de adquisición Total de préstamos Signatura topográfica completa Código de barras Visto por última vez Precio de reemplazo Tipo de ítem Koha
        Biblioteca del Ateneo de Madrid Biblioteca del Ateneo de Madrid Depósito 2 17/01/2008     G-2186 1016727 23/02/2023 23/02/2023 Libro impreso